| 000 | 00708nam a2200205 i 4500 | ||
|---|---|---|---|
| 001 | 102043 | ||
| 003 | ES-MaACL | ||
| 005 | 20240304175148.0 | ||
| 007 | t| | ||
| 008 | 051102s1901 sp ||||1| spa d | ||
| 080 | _a632(460) | ||
| 110 | 1 |
_aEspaña. _bDirección General de Agricultura _93699 |
|
| 245 | 1 | 0 |
_aMemoria de la campaña contra la langosta en 1900-1901 / _cMinisterio de Agricultura. Dirección de Agricultura. |
| 260 |
_aMadrid : _b[s.n.], _c1901 ( _fImprenta de los Hijos de M. G. Hernández) |
||
| 300 |
_a172 p., 9 lám. ; _c23 cm. |
||
| 650 | 4 |
_aPlagas del campo. _9136703 |
|
| 650 | 4 |
_aLangostas (Insecto)- _xControl. _9155797 |
|
| 852 |
_aES-MaACL _jE-13104 |
||
| 999 |
_c102043 _d102043 |
||